Green Markets : The Conomics of Sustainable Development (Record no. 320858)
[ view plain ]
| 000 -LEADER | |
|---|---|
| fixed length control field | 00420 a2200157 4500 |
| 001 - CONTROL NUMBER | |
| control field | 85785 |
| 003 - CONTROL NUMBER IDENTIFIER | |
| control field | NUST |
| 005 - DATE AND TIME OF LATEST TRANSACTION | |
| control field | 20180119203440.0 |
| 008 - FIXED-LENGTH DATA ELEMENTS--GENERAL INFORMATION | |
| fixed length control field | 180119b xxu||||| |||| 00| 0 eng d |
| 020 ## - INTERNATIONAL STANDARD BOOK NUMBER | |
| International Standard Book Number | 9781558152229 |
| 082 ## - DEWEY DECIMAL CLASSIFICATION NUMBER | |
| Classification number | 338.90091PAN |
| 100 ## - MAIN ENTRY--PERSONAL NAME | |
| Personal name | Theodore Panayotou |
| 9 (RLIN) | 9176 |
| 245 ## - TITLE STATEMENT | |
| Title | Green Markets : The Conomics of Sustainable Development |
| Medium | English |
| 250 ## - EDITION STATEMENT | |
| Edition statement | 1st |
| 260 ## - PUBLICATION, DISTRIBUTION, ETC. | |
| Place of publication, distribution, etc. | USA |
| Name of publisher, distributor, etc. | ICS Press |
| Date of publication, distribution, etc. | 1993 |
| 300 ## - PHYSICAL DESCRIPTION | |
| Extent | Xvii 168p. |
| 500 ## - GENERAL NOTE | |
| General note | Gifted By AM Masood Akhtar |
| 942 ## - ADDED ENTRY ELEMENTS (KOHA) | |
| Institution code [OBSOLETE] | caenust |
| Koha item type | Book |
| Call number prefix | 338.90091 PAN |
| Source of classification or shelving scheme | |
| Withdrawn status | Lost status | Damaged status | Not for loan | Collection code | Permanent Location | Current Location | Date acquired | Total Checkouts | Full call number | Barcode | Date last seen | Price effective from | Koha item type |
|---|---|---|---|---|---|---|---|---|---|---|---|---|---|
| College of Aeronautical Engineering (CAE) | College of Aeronautical Engineering (CAE) | 04/03/2017 | 338.90091 PAN | CAEG-9721 | 04/05/2017 | 04/05/2017 | Book |
